00846nam a22001577a 4500999001900000008004100019100003200060245003100092260001200123300003100135520037800166773001200544906002000556942000700576952010500583 c520780d520780221012b ||||| |||| 00| 0 eng d aChoudhary, Yasin M. 935205 aUniversal coverage in J&K aYojana  a 66(9), Sep, 2022: p.51-55 aThe Ayushman Bharat health and wellness centre programme (AB-HWC) of NHM, which includes the establishment of health and wellness centers (HWC) is the biggest intervention in strengthening primary level healthcare in recent years by moving from selective primary health caser to comprehensive primary health care (CPHC) to achieve universal health coverage. – Reproduced  aYojana  aHEALTH SERVICES cAR 00102ddc40709394839aIIPAbIIPAd2022-10-12h66(9), Sep, 2022: p.51-55pAR127364r2022-10-12yAR